[Event "AUTO-OPEN-50"]
[Site "http://www.queenalice.com/game.php?id=46693"]
[Date "2006.1.6"]
[Round "3"]
[White "Caloxa"]
[Black "trompmaster"]
[Result "0-1"]
[WhiteElo "1856"]
[BlackElo "2014"]

1. d4 d6 2. e4 Nf6 3. Nc3 Nbd7 4. Nf3 e5 5. Bb5 c6 6. Bc4 Be7 7. O-O O-O 8. d5
c5 9. Qd3 a6 10. a4 b6 11. h3 Re8 12. Re1 Nf8 13. Be3 Ng6 14. Ra3 Nh5 15. Ne2
Rf8 16. g4 Nf6 17. Ng3 Ne8 18. Nf5 Nc7 19. c3 Bd7 20. Qd2 b5 21. axb5 axb5 22.
Rxa8 Nxa8 23. Bd3 c4 24. Bc2 Bxf5 25. exf5 Nh4 26. Nxh4 Bxh4 27. Ra1 f6 28. Be4
Rf7 29. Ra7 Rxa7 30. Bxa7 Qa5 31. Be3 Nb6 0-1

[Event "AUTO-OPEN-50"]
[Site "http://www.queenalice.com/game.php?id=46694"]
[Date "2006.1.6"]
[Round "3"]
[White "trompmaster"]
[Black "Caloxa"]
[Result "1-0"]
[WhiteElo "2024"]
[BlackElo "1846"]

1. d4 d5 2. Bg5 c6 3. a3 Qb6 4. Ra2 h6 5. Bh4 Bg4 6. h3 Bf5 7. e3 g5 8. Bg3 Bg7
9. Nf3 c5 10. Nc3 Nf6 11. dxc5 Qxc5 12. Nd4 Ne4 13. Nxe4 Bxe4 14. c3 e5 15. Nb3
Qc6 16. f3 Bg6 17. a4 O-O 18. Be2 f5 19. Bf2 f4 20. Bb5 Qe6 21. O-O a6 22. Be2
Nd7 23. Ra1 fxe3 24. Bxe3 Rac8 25. Rc1 Nb6 26. Nc5 Qc6 27. b4 Nc4 28. Bxc4 dxc4
29. a5 Rcd8 30. Qe1 Rf6 31. Rf2 Rfd6 32. Rd2 1-0

[Event "Challenge"]
[Site "http://www.queenalice.com/game.php?id=59454"]
[Date "2006.3.25"]
[Round "-"]
[White "brez2fax"]
[Black "Caloxa"]
[Result "0-1"]
[WhiteElo "1335"]
[BlackElo "1860"]

1. e4 e5 2. c3 Nc6 3. Bb5 Nf6 4. Bxc6 dxc6 5. Qf3 Bg4 6. Qd3 Qxd3 7. f3 Be6 8.
Ne2 Bc4 9. Ng3 Bxa2 10. Na3 Bxa3 11. Rxa2 Qb1 12. Rxa3 Qxc1+ 0-1

[Event "Challenge"]
[Site "http://www.queenalice.com/game.php?id=59455"]
[Date "2006.3.25"]
[Round "-"]
[White "Caloxa"]
[Black "brez2fax"]
[Result "1-0"]
[WhiteElo "1837"]
[BlackElo "1196"]

1. d4 c5 2. Nf3 e6 3. e4 cxd4 4. Nxd4 e5 5. Nf5 Qf6 6. Nc3 Bb4 7. Qg4 h5 8.
Nxg7+ Ke7 9. Nxh5 Bxc3+ 10. bxc3 Qg6 11. Qxg6 fxg6 12. Bg5+ Ke8 13. Nf6+ Nxf6
14. Bxf6 Rf8 15. Bxe5 Nc6 16. Bd6 Rf6 17. e5 Re6 18. Bc4 Rxe5+ 19. Bxe5 Nxe5 20.
Bd5 Ng4 21. Rb1 Rb8 22. O-O Nf6 23. Rfe1+ Kd8 24. Bf7 d5 25. Bxg6 1-0

[Event "Challenge"]
[Site "http://www.queenalice.com/game.php?id=66084"]
[Date "2006.4.29"]
[Round "-"]
[White "renard77"]
[Black "Caloxa"]
[Result "0-1"]
[WhiteElo "1753"]
[BlackElo "1834"]

1. d4 Nf6 2. Nc3 d5 3. Bf4 c6 4. Nf3 e6 5. e3 Nbd7 6. Bd3 Qb6 7. O-O Qxb2 8. Qd2
Bb4 9. Rab1 Qa3 10. Rb3 Bxc3 11. Rxc3 Qxa2 12. Bd6 Qa5 13. Rb1 Ne4 14. Bxe4 dxe4
15. Ne5 Nxe5 16. dxe5 Qa2 17. Rf1 a5 18. Ra3 Qd5 19. Qe2 f6 20. Rd1 Qb5 21. Qg4
Kf7 22. Qxe4 Qe2 23. Rad3 Qxc2 24. h3 a4 25. exf6 gxf6 26. Qh4 Ra5 27. Qh5+ Rxh5
0-1

[Event "AUTO-OPEN-58"]
[Site "http://www.queenalice.com/game.php?id=67414"]
[Date "2006.5.7"]
[Round "3"]
[White "Caloxa"]
[Black "mandaragit"]
[Result "0-1"]
[WhiteElo "1873"]
[BlackElo "1998"]

1. d4 Nf6 2. c4 c5 3. d5 e5 4. e4 d6 5. Nc3 Be7 6. Bd3 O-O 7. Nf3 Ne8 8. O-O Nd7
9. Re1 g6 10. Bh6 Ng7 11. a3 Kh8 12. b4 b6 13. Bc2 Nf6 14. h3 Ng8 15. Be3 f5 16.
Rb1 f4 17. Bc1 g5 18. bxc5 bxc5 19. Bd2 h5 20. Ba4 a6 21. Bc6 Ra7 22. Qe2 g4 23.
hxg4 hxg4 24. Nh2 Nf6 25. Rb3 Ngh5 26. Reb1 g3 27. Nf1 gxf2+ 28. Qxf2 Ng4 29.
Qf3 Bh4 30. Nd1 Rg8 0-1

[Event "AUTO-OPEN-58"]
[Site "http://www.queenalice.com/game.php?id=67415"]
[Date "2006.5.7"]
[Round "3"]
[White "mandaragit"]
[Black "Caloxa"]
[Result "0-1"]
[WhiteElo "2007"]
[BlackElo "1851"]

1. d4 d5 2. c4 dxc4 3. Nf3 b5 4. a4 c6 5. b3 e5 6. Nxe5 Bb4+ 7. Bd2 Qxd4 8. Bxb4
Qxe5 9. Bc3 Qg5 10. axb5 cxb5 11. bxc4 bxc4 12. Qa4+ Bd7 13. Qc2 Ne7 14. Nd2 O-O
15. Nxc4 Nbc6 16. e3 Rfd8 17. h4 Qh5 18. Be2 Bg4 19. f3 Bf5 20. e4 Be6 21. Na5
Nd4 22. Bxd4 Rxd4 23. Qc7 Rd7 24. Qg3 Qc5 25. Kf1 Qc3 26. Qe1 Rd2 27. Qc1 Qd4
28. Qa3 Rc8 29. Nb3 Bxb3 30. Qxb3 Qxa1+ 0-1

[Event "QA-ANNIV-01"]
[Site "http://www.queenalice.com/game.php?id=78019"]
[Date "2006.6.18"]
[Round "3"]
[White "Caloxa"]
[Black "salva9001"]
[Result "1-0"]
[WhiteElo "1829"]
[BlackElo "1970"]

1. e4 c5 2. Nc3 g6 3. d4 cxd4 4. Qxd4 Nf6 5. Bg5 Bg7 6. Nd5 Nc6 7. Qc3 O-O 8.
Nxf6+ exf6 9. Be3 f5 10. Qc4 fxe4 11. O-O-O Qf6 12. c3 d5 13. Qxd5 Be6 14. Qxe4
Bxa2 15. Rd7 Rfe8 16. Qf3 Qe6 17. Rxb7 Na5 18. Rxa7 Rxa7 19. Bd3 Rc7 20. Ne2 Bb3
21. Nf4 Qc6 22. Qxc6 Rxc6 23. Bb5 Rcc8 24. Bxe8 Rxe8 25. Nd3 Bd5 26. Rg1 Nc4 27.
Bf4 f5 28. g3 Bf3 29. b3 Nb6 30. c4 Nd7 31. Re1 Rxe1+ 32. Nxe1 Be4 33. f3 Bb7
34. b4 Ne5 35. Bxe5 Bxe5 36. Kd2 f4 37. g4 Kf7 38. Nd3 Bb8 39. Ke2 Kf6 40. b5
Ke7 41. c5 Bd5 42. b6 Bc4 43. Kd2 Bxd3 44. Kxd3 Kd7 45. Kd4 Kc6 46. g5 Kd7 47.
Kd5 1-0

[Event "Challenge"]
[Site "http://www.queenalice.com/game.php?id=80891"]
[Date "2006.6.28"]
[Round "-"]
[White "rom_banane"]
[Black "Caloxa"]
[Result "1-0"]
[WhiteElo "1805"]
[BlackElo "1847"]

1. d4 d5 2. c4 c6 3. cxd5 cxd5 4. Nf3 Nc6 5. Bf4 Bg4 6. Ne5 Nxe5 7. Bxe5 e6 8.
Nc3 Ne7 9. f3 Bh5 10. Qb3 b6 11. Qa4+ Qd7 12. Nb5 Nc6 13. Nc7+ Kd8 14. Nxa8 Nxe5
15. Qxd7+ Nxd7 16. e3 Bb4+ 17. Kf2 Ke7 18. Nc7 1-0

[Event "AUTO-OPEN-884"]
[Site "http://www.queenalice.com/game.php?id=295826"]
[Date "2007.10.31"]
[Round "1"]
[White "Caloxa"]
[Black "emiliano"]
[Result "0-1"]
[WhiteElo "1859"]
[BlackElo "1869"]

1. d4 d5 2. Nf3 Nc6 3. e3 Nf6 4. Nc3 Bg4 5. h3 Bh5 6. g4 Bg6 7. Ne5 Nxe5 8. dxe5
Be4 9. f3 Bxf3 10. Qxf3 Ne4 11. Nxe4 dxe4 12. Qxe4 c6 13. Bd2 e6 14. O-O-O Qb6
15. Bc3 Bc5 16. Bd4 O-O-O 17. Bg2 g6 0-1

[Event "AUTO-OPEN-884"]
[Site "http://www.queenalice.com/game.php?id=295827"]
[Date "2007.10.31"]
[Round "1"]
[White "emiliano"]
[Black "Caloxa"]
[Result "1-0"]
[WhiteElo "1852"]
[BlackElo "1876"]

1. e4 e5 2. Nf3 Nf6 3. Nxe5 Qe7 4. d4 c5 5. Nc3 cxd4 6. Qxd4 Nc6 7. Nxc6 dxc6 8.
Bg5 h6 9. Bxf6 Qxf6 10. Qxf6 gxf6 11. O-O-O Bc5 12. f3 b5 13. a3 Be6 14. g3 a5
15. f4 b4 16. axb4 axb4 17. Rd3 bxc3 18. Rxc3 1-0

[Event "pajabraba69"]
[Site "http://www.queenalice.com/game.php?id=368540"]
[Date "2008.3.10"]
[Round "1"]
[White "Caloxa"]
[Black "tehan"]
[Result "1-0"]
[WhiteElo "1843"]
[BlackElo "1957"]

1. e4 c5 2. Nf3 Nc6 3. Bb5 a6 4. Bxc6 bxc6 5. O-O Qc7 6. d3 e5 7. Be3 d5 8. Re1
h6 9. exd5 cxd5 10. Nxe5 Be7 11. d4 Be6 12. c3 Nf6 13. Nd2 O-O 14. Ndf3 Rab8 15.
dxc5 Bxc5 16. Bxc5 Qxc5 17. Re2 Ne4 18. Qa4 a5 19. c4 Nf6 20. Nc6 Rbc8 21. cxd5
Nxd5 22. Rc2 Qb6 23. Nfd4 Bd7 24. Qxa5 Qxa5 25. Nxa5 Ra8 26. Nb7 Nb4 27. Rc7 Bc8
28. Nd6 Nd5 29. Rc5 Nb4 30. a4 Nd3 31. Rxc8 Rfxc8 32. Nxc8 Rxc8 33. b3 Rb8 34.
a5 1-0

[Event "Cuti"]
[Site "http://www.queenalice.com/game.php?id=610291"]
[Date "2009.6.28"]
[Round "1"]
[White "Caloxa"]
[Black "jolomol"]
[Result "0-1"]
[WhiteElo "1848"]
[BlackElo "1949"]

1. e4 e5 2. Nf3 Nf6 3. Nxe5 Qe7 4. d4 d6 5. Nf3 Nxe4 6. Be3 Bg4 7. Bd3 Nf6 8.
O-O Nc6 9. Re1 O-O-O 10. Bg5 Qd7 11. Bb5 Qf5 12. Bxf6 gxf6 13. Bxc6 bxc6 14. h3
Bxh3 15. gxh3 Qxh3 16. Ng5 Rg8 17. f4 Qg3+ 0-1